Escudos Argentina 2025 - Estadísticas

Estadísticas generales
  • Esta prueba ha sido intentada 154 veces
  • La puntuación promedio es 45 de 68
Estadísticas de respuestas
Imagen Respuesta % Correcto
Defensa y Justicia
94%
Sacachispas
91%
Talleres
90%
Deportivo Riestra
89%
River Plate
86%
Almagro
85%
Racing
85%
Belgrano
84%
Colon
84%
Club Mitre
82%
Estudiantes de La Plata
82%
Newells
82%
San Lorenzo
82%
Tigre
82%
Argentinos Juniors
81%
Huracan
81%
Velez
81%
Almirante Brown
80%
Independiente
80%
Rosario Central
80%
All boys
79%
Arsenal
79%
Independiente Rivadavia
78%
Godoy Cruz
77%
Atletico Tucuman
76%
Lanus
76%
Barracas Central
75%
Boca Juniors
75%
Tristan Suarez
74%
Patronato
73%
Aldosivi
71%
Atlanta
71%
Atletico de Rafaela
69%
Banfield
68%
Chaco for Ever
68%
Platense
68%
Central Cordoba
67%
Ferro
67%
Quilmes
67%
Gimnasia y Esgrima
66%
Chacarita
65%
Estudiantes
65%
Union
65%
Sarmiento
64%
San Telmo
63%
Instituto
62%
Deportivo Moron
61%
Nueva Chicago
61%
Temperley
61%
San Martin de San Juan
56%
Gimnasia y Tiro
54%
Los Andes
54%
Agropecuario
52%
Talleres
52%
Alvarado
49%
Central Norte
47%
Defensores de Belgrano
45%
Gimnasia La Plata
45%
San Miguel
45%
Colegiales
43%
Defensores Unidos
43%
Atletico Guemes
41%
Deportivo Madryn
40%
Deportivo Maipu
40%
San Martin de Tucuman
39%
Racing Cordoba
34%
Estudiantes Caseros
32%
Gimnasia Jujuy
31%
No se encontraron pruebas coincidentes
Distribución de puntuación
Porcentaje de gente con cada puntuación
Porcentaje por número respondido
Historial de tus puntuaciones
No has intentado esta prueba.